Movie Quiz! #2 - Statistics

General Stats
  • This quiz has been taken 53 times
    51 since last reset
  • The average score is 18 of 20
Answer Stats
Picture Answer % Correct
Beauty & The Beast
100%
Aladdin
98%
Barbie
98%
Deadpool
98%
Mario
98%
Aquaman
93%
Captain America
93%
Ironman
93%
Moana
93%
Frankenstein
90%
Indiana Jones
90%
Jaws
90%
The Matrix
90%
How To Train Your Dragon
88%
Terminator
88%
Forrest Gump
85%
Kung Fu Panda
83%
Top Gun
80%
The Wizard Of Oz
71%
Pirates Of The Carribean
68%
No matching quizzes found
Score Distribution
Percent of People with Each Score
Percentile by Number Answered
Your Score History
You have not taken this quiz since the last reset